ग्रेटाची हाक तुम्हाला ऐकू येतेय ना (Record no. 49066)
[ view plain ]
| 000 -LEADER | |
|---|---|
| fixed length control field | 00533nam a2200157Ia 4500 |
| 008 - FIXED-LENGTH DATA ELEMENTS--GENERAL INFORMATION | |
| fixed length control field | 220805s9999 xx 000 0 und d |
| 020 ## - INTERNATIONAL STANDARD BOOK NUMBER | |
| International Standard Book Number | 978-81-943491-4-3 |
| 041 ## - LANGUAGE CODE | |
| Language code of text/sound track or separate title | mar |
| 082 ## - DEWEY DECIMAL CLASSIFICATION NUMBER | |
| Classification number | 363.794 8 |
| 100 ## - MAIN ENTRY--PERSONAL NAME | |
| Personal name | देऊळगावकर, अतुल |
| 9 (RLIN) | 89160 |
| 260 ## - PUBLICATION, DISTRIBUTION, ETC. (IMPRINT) | |
| Place of publication, distribution, etc. | Pune |
| Name of publisher, distributor, etc. | मनोविकास प्रकाशन |
| Date of publication, distribution, etc. | 2019 |
| 245 ## - TITLE STATEMENT | |
| Title | ग्रेटाची हाक तुम्हाला ऐकू येतेय ना |
| 250 ## - EDITION STATEMENT | |
| Edition statement | 1 |
| 300 ## - PHYSICAL DESCRIPTION | |
| Extent | 205 |
| 650 ## - SUBJECT ADDED ENTRY--TOPICAL TERM | |
| Topical term or geographic name as entry element | Environmental problem and services |
| 9 (RLIN) | 89161 |
| Withdrawn status | Lost status | Damaged status | Not for loan | Collection code | Home library | Current library | Date acquired | Vendor | Cost, normal purchase price | Total Checkouts | Full call number | Barcode | Date last seen | Bill Date | Koha item type | Original Barcode |
|---|---|---|---|---|---|---|---|---|---|---|---|---|---|---|---|---|
| Manilal Nanavati Vocational Training Institute Pune | Manilal Nanavati Vocational Training Institute Pune | 09/08/2022 | Purchase | 200.00 | 363.794 8/DEU/B1727 | MNVT-BK-1727 | 09/08/2022 | 09/08/2022 | Books | B1727 |